Historia de las Indias / (Record no. 41897)

MARC details
000 -LEADER
campo de control de longitud fija 00910nam a2200229 i 4500
001 - NÚMERO DE CONTROL
campo de control 41897
003 - IDENTIFICADOR DE NÚMERO DE CONTROL
campo de control ES-MaACL
005 - FECHA Y HORA DE LA ÚLTIMA TRANSACCIÓN
campo de control 20250801063023.0
007 - CAMPO FIJO DE DESCRIPCIÓN FÍSICA--INFORMACIÓN GENERAL
campo de control de longitud fija t|
008 - DATOS DE LONGITUD FIJA--INFORMACIÓN GENERAL
campo de control de longitud fija 030312s1951 mx ||||1| spa d
100 1# - ENTRADA PRINCIPAL--NOMBRE DE PERSONA
Nombre de persona Casas, Bartolomé de las,
Fechas asociadas al nombre 1474-1566
9 (RLIN) 140251
245 10 - MENCIÓN DEL TÍTULO
Título Historia de las Indias /
Mención de responsabilidad, etc. por Fray Bartolomé de las Casas ; edición de Agustín Miralles Carló ; y estudio preliminar de Lewis Hanke.
250 ## - MENCION DE EDICION
Mención de edición [1ª ed.].
260 ## - PUBLICACIÓN, DISTRIBUCIÓN, ETC.
Lugar de publicación, distribución, etc. México, etc. :
Nombre del editor, distribuidor, etc. Fondo de Cultura Económica,
Fecha de publicación, distribución, etc. [1951] (
Fabricante Gráf. Panamericana)
300 ## - DESCRIPCIÓN FÍSICA
Extensión 3 v. :
Otras características físicas retr. aut. ;
Dimensiones 22 cm.
650 04 - PUNTO DE ACCESO ADICIONAL DE MATERIA--TÉRMINO DE MATERIA
Término de materia o nombre geográfico como elemento de entrada Indios de América-
Subdivisión general Trato recibido-
Subdivisión cronológica S.XVI
9 (RLIN) 13675
651 #4 - PUNTO DE ACCESO ADICIONAL DE MATERIA--NOMBRE GEOGRÁFICO
Nombre geográfico América española-
Subdivisión general Historia-
Subdivisión cronológica 1492-1600 (Descubrimiento y conquista)
9 (RLIN) 7724
700 1# - ENTRADA AGREGADA--NOMBRE PERSONAL
Nombre de persona Miralles Carló, Agustín.
9 (RLIN) 81494
700 1# - ENTRADA AGREGADA--NOMBRE PERSONAL
Nombre de persona Hanke, Lewis.
9 (RLIN) 61729
852 ## - LOCALIZACIÓN
Ubicación ES-MaACL
Número de control de estantería C-16255-7
Sublocalización o colección R.44701
Holdings
Estatus retirado Estado de pérdida Estado de daño No para préstamo Biblioteca de origen Biblioteca actual Ubicación en estantería Fecha de adquisición Fuente de adquisición Total de préstamos Signatura topográfica completa Código de barras Visto por última vez Precio de reemplazo Tipo de ítem Koha
        Biblioteca del Ateneo de Madrid Biblioteca del Ateneo de Madrid Mesetón 17/01/2008     C-16255-7 1044103 23/02/2023 23/02/2023 Libro impreso